000 00703nam a2200229Ia 4500
999 _c45351
_d45351
001 12175
003 GE_BSU
005 20221118113741.0
008 181216s2006en xx |||||||||||||| ||eng||
020 _a10:1416024166x
040 _cGE_BSU
041 _aeng
080 _a616.07 G-65
100 _aGorczynski, Reginald.
_915918
245 _aProblem-Based Immunology /
_cReginald Gorczynski, Stanley, Jacqueline.
264 _aPhiladelphia,
_c2006.
300 _a255 p;.
_b25 cm.
653 _aProblem-Based Immunology.
653 _aპრობლემაზე დაფუძნებული იმუნოლოგია.
700 _aJacqueline, Stanley
_915919
942 _cBK
_2udc